000 01118nam a2200229Ia 4500
001 L150-1305
003 IT-CnALBA
008 170116s9999||||xx |||||||||||||| ||und||
040 _aIT-CnALBA
_cIT-CnALBA
041 _aITALIANO
100 _aLARRAGNAGA IGNAZIO, OFM.
245 0 _aDALLA SOFFERENZA ALLA PACE.
250 _a1a ed.
260 _aCINISELLO BALSAMO (MI)
_bEDIZIONI PAOLINE
_c1986 [1° Ed.:1986 - Ed.Ling.Originale: 1985]
300 _a233 p. (prefazione: 7)
500 _aLIBERAZIONE INTERIORE. TRADUZIONE DALLO SPAGNOLO DI FELICIANA J. ADA. ESIGENZE FONDAMENTALI. DIFFICOLTÀ DELLA VITA. ANGOSCIA DEPRESSIONE. VIVERE NELLA SPERANZA. ASSUMERE SOSTITUIRE VIVERE E MORIRE CON CRISTO.
501 _aSocietà San Paolo EM - Piazza San Paolo, 14 - 12051 ALBA (CN) (non commercial uses only) ® Copyright 2017
520 _aLIBERAZIONE INTERIORE. TRADUZIONE DALLO SPAGNOLO DI FELICIANA J. ADA. ESIGENZE FONDAMENTALI. DIFFICOLTÀ DELLA VITA. ANGOSCIA DEPRESSIONE. VIVERE NELLA SPERANZA. ASSUMERE SOSTITUIRE VIVERE E MORIRE CON CRISTO.
650 _aPSICOLOGIA
942 _cBK
957 _71
999 _a2296
_bNO
_g Copie: 1
_c260533
_d260533